000
00198 a2200097 4500
001
8419
090
_c
6789
_d
6789
100
_a
Finch, R
245
_a
Nine western Plays (Transfered to SOA)
260
_b
Nelson
942
_a
NUST-CAE
999
_c
243492
_d
243492